000 00597nam a2200217Ia 4500
003 OSt
005 20220926045210.0
006 a|||||r|||| 00| 0
007 ta
008 220923b |||||||| |||| 00| 0 eng d
037 _cGeneral Book
040 _aRTL
_cRTL
_beng
041 _2eng
_aeng
082 _aX71.282.N68, K8/GD
110 _aGovt. of Rajasthan
_9349907
245 0 _aPlan Explantory Memorandum of the Budget estimate, 1968
260 _c1968
700 _aGovt. of Rajasthan
_9349908
942 _hX71.282.N68, K8/GD
_cGB
_2CC
999 _c676926
_d676926